| 000 | 01068cad a22002415a 4500 | ||
|---|---|---|---|
| 001 | E148367 | ||
| 008 | 090909s2009 xxkad f s 000 0 eng d | ||
| 035 | _a(Sirsi) u148367 | ||
| 041 | 0 | _aeng | |
| 050 | 0 | 4 | _a333.33 $2 18 |
| 110 | 2 |
_aJones Lang LaSalle _93755 |
|
| 245 | 0 | 0 |
_aKey market indicators _bQ2 2009 _h[electronic resource] |
| 260 |
_a[S.l.] _bJLL _c2009 |
||
| 490 | 0 |
_aJones Lang LaSalle Key Market Indicators _vQuarter Two 2009 |
|
| 520 | _aPresents data in tabular format from across European markets. Covers; warehousing, retail unit shop and office sectors. Indicators for: prime rents; prime rental changes quarter on quarter; prime rental changes year on year; prime yield; office vacancy rates. Updated quarterly. | ||
| 521 | _aAdvanced | ||
| 590 | _aKA | ||
| 650 | 2 | 4 | _aJONES LANG LASALLE KEY MARKET INDICATORS |
| 651 | 4 | _aEurope | |
| 690 | _aPROPERTY-COMMERCIAL PROPERTY-COMMERCIAL PROPERTY MARKET | ||
| 856 | 4 | 0 |
_uhttps://www.joneslanglasalle.com/ _zView this report free of charge under research at www.joneslanglasalle.com.. |
| 942 | _n0 | ||
| 999 |
_c110023 _d110023 |
||